书目信息 |
| 题名: |
《行政机关公务员处分条例》条文释义
|
|
| 作者: | 屈万祥 主编 | |
| 分册: | ||
| 出版信息: | 北京 中央编译出版社 2007.04 |
|
| 页数: | 15,421页 | |
| 开本: | 21cm | |
| 丛书名: | ||
| 单 册: | ||
| 中图分类: | D922.115 | |
| 科图分类: | ||
| 主题词: | 公务员--行政处罚--条例--法律解释--中国 , 公务员 , 行政处罚 , 条例 , 法律解释 | |
| 电子资源: | ||
| ISBN: | 978-7-80211-435-7 | |
| 000 | 00903nam0 2200265 450 | |
| 001 | 003471898 | |
| 005 | 20070713084732.0 | |
| 010 | @a978-7-80211-435-7@dCNY28.00@z7-80211-435-7 | |
| 100 | @a20100913d2007 em y0chiy0110 ea | |
| 101 | 0 | @achi |
| 102 | @aCN@b110000 | |
| 105 | @ay n 000yy | |
| 200 | 1 | @a《行政机关公务员处分条例》条文释义@A《 xing zheng ji guan gong wu yuan chu fen tiao li 》 tiao wen shi yi@f屈万祥主编 |
| 210 | @a北京@c中央编译出版社@d2007.04 | |
| 215 | @a15,421页@d21cm | |
| 330 | @a本书共分七章,内容包括:总则、处分的种类和适用、违法违纪行为及其适用的处分、处分的权限、处分的程序、不服处分的申诉、附则等。 | |
| 606 | 0 | @a公务员@x行政处罚@x条例@x法律解释@y中国 |
| 606 | 0 | @a公务员 |
| 606 | 0 | @a行政处罚 |
| 606 | 0 | @a条例 |
| 606 | 0 | @a法律解释 |
| 690 | @aD922.115@v5 | |
| 701 | 0 | @a屈万祥@Aqu wan xiang@4主编 |
| 905 | @aBZT@dD922.115@e13 | |
| 906 | @dCNY28.00@n0@r1 | |
| 《行政机关公务员处分条例》条文释义/屈万祥主编.-北京:中央编译出版社,2007.04 |
| 15,421页;21cm |
| ISBN 978-7-80211-435-7:CNY28.00 |
| 本书共分七章,内容包括:总则、处分的种类和适用、违法违纪行为及其适用的处分、处分的权限、处分的程序、不服处分的申诉、附则等。 |
| ● |
| 相关链接 |
|
|
|
正题名:《行政机关公务员处分条例》条文释义
索取号:D922.115/13
 
预约/预借
| 序号 | 登录号 | 条形码 | 馆藏地/架位号 | 状态 | 备注 |
| 1 | 765000 | 2000765000 | 中心书库南/007架A面3层5列/ [索取号:D922.115/13] | 在馆 | |
| 2 | 765001 | 2000765001 | 中心书库南/012架B面2层8列/ [索取号:D922.115/13] | 在馆 | |
| 3 | 765002 | 2000765002 | 中心书库南/012架B面2层8列/ [索取号:D922.115/13] | 在馆 | |
| 4 | 765003 | 2000765003 | 中心书库南/012架B面2层8列/ [索取号:D922.115/13] | 在馆 | |
| 5 | 765004 | 2000765004 | 中心书库南/007架A面3层5列/ [索取号:D922.115/13] | 在馆 | |
| 6 | 765005 | 2000765005 | 中心书库南/012架B面2层8列/ [索取号:D922.115/13] | 在馆 | |
| 7 | 765006 | 2000765006 | 中心书库南/012架B面2层8列/ [索取号:D922.115/13] | 在馆 | |
| 8 | 765007 | 2000765007 | 中心书库南/007架A面3层5列/ [索取号:D922.115/13] | 在馆 | |
| 9 | 765008 | 2000765008 | 中心书库南/007架A面3层5列/ [索取号:D922.115/13] | 在馆 | |
| 10 | 765009 | 2000765009 | 中心书库南/007架A面3层5列/ [索取号:D922.115/13] | 在馆 |